| 000 | 01282cam a22002294a 4500 | ||
|---|---|---|---|
| 005 | 20250605164036.0 | ||
| 008 | 250528s ||||||||||||||||||||||||d | ||
| 035 | _a16805 | ||
| 020 | _a195213769 | ||
| 040 |
_aGR-AtMCL _bgre _dGR-AtMCL _eAACR2 |
||
| 245 | 1 | _aThe Handbook of Social Psychology / Volume One Fourth Edition | |
| 250 | _a4th | ||
| 260 |
_bMcgraw Hill Publishing Company, _c1998 |
||
| 300 | _a868 | ||
| 520 | _aPreface, Historical Perspectives, Major Developments in Five Decades of Social Psychology, The Social Being in Social Psychology, Methodological Perspectives, Experimentation in Social Psychology, Survey Methods, Measurement, Data Analysis in Social Psychology, Intrapersonal Phenomena, Attitudes Structure and Function, Attitude Change: Multiple Roles for Persuasion Variables, Mental Representation and Memory, Control and Automaticity in Social Life, Behavioral Decision Making and Judgement, Motivation, Emotions, Personal Phenomena, Understanding Personality and Social Behavior: A Functionalist Strategy, The Self, Social Development in Childhood and Adulthood, Gender, Indexes. | ||
| 700 | 1 |
_aFiske Susan _9584 |
|
| 700 | 1 |
_aGilbert Daniel _92900 |
|
| 700 | 1 |
_aLindzey Gardner _92901 |
|
| 942 | _cBK | ||
| 999 |
_c2267 _d2267 |
||